| 000 | 01098naa a2200313 c 4500 | ||
|---|---|---|---|
| 001 | 31282 | ||
| 003 | ES-MaCES | ||
| 005 | 20150929135535.0 | ||
| 008 | 991005n1999 sp t o00| | spa d | ||
| 035 | _aCES19990002664v | ||
| 040 |
_aES-MaCES _bspa _cES-MaCES |
||
| 100 | 1 |
_aGiráldez Núñez, María Teresa _913455 |
|
| 245 | 1 | 3 |
_aLa medición del empleo y el paro en España y en la Unión Europea _cMaría Teresa Giráldez, María Dolores Allona |
| 504 | _aBibliografía: p. 54 | ||
| 650 | 4 |
_aestudio de casos _928846 |
|
| 650 | 4 |
_aEspaña _926964 |
|
| 650 | 4 |
_afuentes estadísticas _929537 |
|
| 650 | 4 |
_amercado de trabajo _928292 |
|
| 650 | 4 |
_adesempleo _928308 |
|
| 650 | 4 |
_aempleo _928299 |
|
| 653 | 1 | 0 | _aEmpleo |
| 650 | 4 |
_927071 _aevaluación económica |
|
| 650 | 4 |
_926752 _aUE |
|
| 700 | 1 |
_aAllona, María Dolores _95958 |
|
| 773 | 0 |
_tCuadernos de información económica _gn. 148-149 (jul. - ag. 1999){10345 R. 031625}; p. 33-55 _w(ES-MaCES)25356 _953100 |
|
| 902 | _aART Artículo de revista | ||
| 942 |
_2CES _cAR _h2.1. |
||
| 999 |
_c31282 _d31282 |
||